000 00676nam a2200205Ia 4500
005 20241129110144.0
008 241129s9999||||xx |||||||||||||| ||und||
037 _aTB
040 _aARTS
_bpun
_cARTS
041 _apun
_2pun
084 _aNW 153R3
_qARTS
100 _aਅਨੰਤ, ਚ।
_9159534
245 0 _aਦੋ ਗੁਲਖ਼ਾਮਾਂ ਦੀ ਤੀਮਰੀ ਕਸਮ
_cਅਨੰਤ, ਚ।
260 _aਸਮਾਨਾ, ਭਾਰਤ
_bਸਮਾਨਾ ਨੰਵਰੰਗ ਪਬਲਿਕੇਸ਼ਨ
_c2023
300 _a216ਪ੍ਰ0
365 _aINR
_b395
650 _aArtsMotion Pictures
942 _cTB
_hNW 153R3
999 _c1227520
_d1227520